Nederländernas provinser - Statistics

General Stats
  • This quiz has been taken 9 times
  • The average score is 8 of 12
Answers on the Map
Answers color-coded by a green-red scale on the quiz's map according to % correct below.
 
Answer Stats
Provins % Correct
Zeeland
100%
Nordholland
86%
Sydholland
86%
Utrecht
86%
Friesland
71%
Groningen
71%
Limburg
71%
Flevoland
57%
Nordbrabant
57%
Drenthe
29%
Gelderland
29%
Overijssel
29%
No matching quizzes found
Score Distribution
Percent of People with Each Score
Percentile by Number Answered
Your Score History
You have not taken this quiz